<?xml version="1.0" encoding="UTF-8"?>
<record
    xmlns:xsi="http://www.w3.org/2001/XMLSchema-instance"
    xsi:schemaLocation="http://www.loc.gov/MARC21/slim http://www.loc.gov/standards/marcxml/schema/MARC21slim.xsd"
    xmlns="http://www.loc.gov/MARC21/slim">

  <leader>00679nam a22002057a 4500</leader>
  <controlfield tag="005">20210518154802.0</controlfield>
  <controlfield tag="007">00</controlfield>
  <controlfield tag="008">170710b        xxu||||| |||| 00| 0 eng d</controlfield>
  <datafield tag="020" ind1=" " ind2=" ">
    <subfield code="a">978-2-296-12270-3</subfield>
  </datafield>
  <datafield tag="100" ind1=" " ind2=" ">
    <subfield code="a">Lemonnier, Michel</subfield>
  </datafield>
  <datafield tag="245" ind1=" " ind2=" ">
    <subfield code="a">Le psychologue du travail:</subfield>
    <subfield code="b">Un agent du changement dans la soci&#xE9;t&#xE9;</subfield>
    <subfield code="c">/ par Michel Lemonnier; pr&#xE9;f. d'Alexandre Dorna</subfield>
  </datafield>
  <datafield tag="260" ind1=" " ind2=" ">
    <subfield code="a">Paris :</subfield>
    <subfield code="b">L'harmattan,</subfield>
    <subfield code="c">2010</subfield>
  </datafield>
  <datafield tag="300" ind1=" " ind2=" ">
    <subfield code="a">255 p.</subfield>
    <subfield code="b">Couv. en coul. ;</subfield>
    <subfield code="c">22 cm</subfield>
  </datafield>
  <datafield tag="440" ind1=" " ind2=" ">
    <subfield code="a">(Psycho logiques)</subfield>
  </datafield>
  <datafield tag="500" ind1=" " ind2=" ">
    <subfield code="a">Bibliogr. pp. (251-255)</subfield>
  </datafield>
  <datafield tag="630" ind1=" " ind2=" ">
    <subfield code="a"> PHILOSOPHIE-PSYCHOLOGIE   </subfield>
  </datafield>
  <datafield tag="650" ind1=" " ind2=" ">
    <subfield code="a">PSYCHOLOGIE                       </subfield>
  </datafield>
  <datafield tag="651" ind1=" " ind2=" ">
    <subfield code="a">Travail : Psychologie</subfield>
  </datafield>
  <datafield tag="942" ind1=" " ind2=" ">
    <subfield code="c">LBA</subfield>
    <subfield code="2">ddc</subfield>
  </datafield>
  <datafield tag="999" ind1=" " ind2=" ">
    <subfield code="c">56482</subfield>
    <subfield code="d">56482</subfield>
  </datafield>
  <datafield tag="952" ind1=" " ind2=" ">
    <subfield code="0">0</subfield>
    <subfield code="1">0</subfield>
    <subfield code="4">0</subfield>
    <subfield code="7">0</subfield>
    <subfield code="a">BUAC</subfield>
    <subfield code="b">BUAC</subfield>
    <subfield code="c">R&#xE9;serve</subfield>
    <subfield code="d">2017-07-10</subfield>
    <subfield code="e">Don ARES</subfield>
    <subfield code="f">17/111</subfield>
    <subfield code="l">0</subfield>
    <subfield code="o">159.9:331 LEM</subfield>
    <subfield code="p">17-111Buc</subfield>
    <subfield code="r">2017-07-10 00:00:00</subfield>
    <subfield code="t">1</subfield>
    <subfield code="w">2017-07-10</subfield>
    <subfield code="y">LBA</subfield>
  </datafield>
  <datafield tag="952" ind1=" " ind2=" ">
    <subfield code="0">0</subfield>
    <subfield code="1">0</subfield>
    <subfield code="2">ddc</subfield>
    <subfield code="4">0</subfield>
    <subfield code="7">0</subfield>
    <subfield code="a">BUAC</subfield>
    <subfield code="b">BUAC</subfield>
    <subfield code="c">R&#xE9;serve</subfield>
    <subfield code="d">2021-05-18</subfield>
    <subfield code="e">DON ARES</subfield>
    <subfield code="f">21/0116</subfield>
    <subfield code="l">0</subfield>
    <subfield code="o">159.9 :331 LEM</subfield>
    <subfield code="p">21-0116Buc</subfield>
    <subfield code="r">2021-05-18 00:00:00</subfield>
    <subfield code="t">2</subfield>
    <subfield code="w">2021-05-18</subfield>
    <subfield code="y">LBA</subfield>
  </datafield>
</record>
